000 00377nam a2200133Ia 4500
008 231129s1996||||xx |||||||||||||| ||spa||
020 _a968-16-4803-X
040 _bspa
082 _aBr863.08 A634
245 0 _aAntologí­a general de la literatura brasileña
260 _c1996
264 _aFondo de Cultura Economica
942 _2ddc
_cBKS
999 _c5309
_d5309